<?xml version="1.0" encoding="UTF-8"?>
<record
    xmlns:xsi="http://www.w3.org/2001/XMLSchema-instance"
    xsi:schemaLocation="http://www.loc.gov/MARC21/slim http://www.loc.gov/standards/marcxml/schema/MARC21slim.xsd"
    xmlns="http://www.loc.gov/MARC21/slim">

  <leader>00350nam a2200145Ia 4500</leader>
  <controlfield tag="008">191201s2006    xx            000 0 und d</controlfield>
  <datafield tag="082" ind1=" " ind2=" ">
    <subfield code="a">004</subfield>
    <subfield code="b">KUC</subfield>
  </datafield>
  <datafield tag="100" ind1=" " ind2=" ">
    <subfield code="a">Kumar, Sanjeev</subfield>
  </datafield>
  <datafield tag="245" ind1=" " ind2="0">
    <subfield code="a">Computer Applications</subfield>
  </datafield>
  <datafield tag="250" ind1=" " ind2=" ">
    <subfield code="a">3rd</subfield>
  </datafield>
  <datafield tag="260" ind1=" " ind2=" ">
    <subfield code="a">N.Delhi</subfield>
    <subfield code="b">Dhanpat Rai Pubns (P) Ltd</subfield>
    <subfield code="c">2006</subfield>
  </datafield>
  <datafield tag="300" ind1=" " ind2=" ">
    <subfield code="a">11.15</subfield>
  </datafield>
  <datafield tag="650" ind1=" " ind2=" ">
    <subfield code="a">B.Tech(IT)</subfield>
  </datafield>
  <datafield tag="942" ind1=" " ind2=" ">
    <subfield code="2">ddc</subfield>
    <subfield code="c">BK</subfield>
  </datafield>
  <datafield tag="999" ind1=" " ind2=" ">
    <subfield code="c">3142</subfield>
    <subfield code="d">3142</subfield>
  </datafield>
  <datafield tag="952" ind1=" " ind2=" ">
    <subfield code="0">0</subfield>
    <subfield code="1">0</subfield>
    <subfield code="2">ddc</subfield>
    <subfield code="4">0</subfield>
    <subfield code="7">0</subfield>
    <subfield code="8">BTECHIT</subfield>
    <subfield code="a">PIET</subfield>
    <subfield code="b">PIET</subfield>
    <subfield code="d">2007-08-23</subfield>
    <subfield code="e">J B C, New Delhi</subfield>
    <subfield code="g">95.00</subfield>
    <subfield code="k">722</subfield>
    <subfield code="l">0</subfield>
    <subfield code="o">004 KUC</subfield>
    <subfield code="p">7433</subfield>
    <subfield code="r">2019-12-04 00:00:00</subfield>
    <subfield code="w">2008-07-23</subfield>
    <subfield code="y">BK</subfield>
  </datafield>
  <datafield tag="952" ind1=" " ind2=" ">
    <subfield code="0">0</subfield>
    <subfield code="1">0</subfield>
    <subfield code="2">ddc</subfield>
    <subfield code="4">0</subfield>
    <subfield code="7">0</subfield>
    <subfield code="8">BTECHIT</subfield>
    <subfield code="a">PIET</subfield>
    <subfield code="b">PIET</subfield>
    <subfield code="d">2007-08-23</subfield>
    <subfield code="e">J B C, New Delhi</subfield>
    <subfield code="g">95.00</subfield>
    <subfield code="k">722</subfield>
    <subfield code="l">0</subfield>
    <subfield code="o">004 KUC</subfield>
    <subfield code="p">7434</subfield>
    <subfield code="r">2019-12-04 00:00:00</subfield>
    <subfield code="w">2008-07-23</subfield>
    <subfield code="y">BK</subfield>
  </datafield>
  <datafield tag="952" ind1=" " ind2=" ">
    <subfield code="0">0</subfield>
    <subfield code="1">0</subfield>
    <subfield code="2">ddc</subfield>
    <subfield code="4">0</subfield>
    <subfield code="7">0</subfield>
    <subfield code="8">BTECHIT</subfield>
    <subfield code="a">PIET</subfield>
    <subfield code="b">PIET</subfield>
    <subfield code="d">2007-08-23</subfield>
    <subfield code="e">J B C, New Delhi</subfield>
    <subfield code="g">95.00</subfield>
    <subfield code="k">722</subfield>
    <subfield code="l">0</subfield>
    <subfield code="o">004 KUC</subfield>
    <subfield code="p">7435</subfield>
    <subfield code="r">2019-12-04 00:00:00</subfield>
    <subfield code="w">2008-07-23</subfield>
    <subfield code="y">BK</subfield>
  </datafield>
  <datafield tag="952" ind1=" " ind2=" ">
    <subfield code="0">0</subfield>
    <subfield code="1">0</subfield>
    <subfield code="2">ddc</subfield>
    <subfield code="4">0</subfield>
    <subfield code="7">0</subfield>
    <subfield code="8">BTECHIT</subfield>
    <subfield code="a">PIET</subfield>
    <subfield code="b">PIET</subfield>
    <subfield code="d">2007-08-23</subfield>
    <subfield code="e">J B C, New Delhi</subfield>
    <subfield code="g">95.00</subfield>
    <subfield code="k">722</subfield>
    <subfield code="l">0</subfield>
    <subfield code="o">004 KUC</subfield>
    <subfield code="p">7436</subfield>
    <subfield code="r">2019-12-04 00:00:00</subfield>
    <subfield code="w">2008-07-23</subfield>
    <subfield code="y">BK</subfield>
  </datafield>
</record>
